000 00592cam a2200229 4500
001 M98068
008 090401t1998 xxu||||| |||| 00| 0 eng d
035 _a(Sirsi) u92771
041 _aeng
050 _a711.52
245 _aUrban exchange Initiative: improving practice in urban development in the European Union.
260 _aLondon
_bDETR
_c1998
300 _a75p ; 30cm.
350 _a0
650 _aEUROPEAN UNION
650 _aURBAN DEVELOPMENT
650 _aURBAN POLICY
650 _aURBAN REGENERATION
690 _aURBAN RENEWAL
942 _n0
948 _c15/04/1999
999 _c97781
_d97781